History of Modern India: (Record no. 182090)
[ view plain ]
| 000 -LEADER | |
|---|---|
| fixed length control field | 00666nam a22002177a 4500 |
| 005 - DATE AND TIME OF LATEST TRANSACTION | |
| control field | 20220216155150.0 |
| 010 ## - LCCN (DPL NO) | |
| LC control number | ENG-130056 |
| 020 ## - INTERNATIONAL STANDARD BOOK NUMBER | |
| International Standard Book Number | 978-93-90122-55-4 |
| Terms of availability | 425.00 |
| 035 ## - SYSTEM CONTROL NUMBER | |
| System control number | EN-113588 |
| 037 ## - SOURCE OF ACQUISITION | |
| Source of stock number/acquisition | DBAD/PUB |
| 082 ## - DEWEY DECIMAL CLASSIFICATION NUMBER | |
| Classification number | 954.035 |
| 100 ## - MAIN ENTRY--PERSONAL NAME | |
| Personal name | Chandra,Bipan |
| 245 ## - TITLE STATEMENT | |
| Title | History of Modern India: |
| Statement of responsibility, etc | by Bipan Chandra |
| 250 ## - EDITION STATEMENT | |
| Edition statement | 2020 |
| 260 ## - PUBLICATION, DISTRIBUTION, ETC. (IMPRINT) | |
| Name of publisher, distributor, etc | Orient Blackswan |
| Date of publication, distribution, etc | 2020 |
| Place of publication, distribution, etc | India |
| 270 ## - ADDRESS | |
| Address | 3-6-752 Himayatnagar |
| Postal code | 500029 |
| City | Hyderabad |
| Electronic mail address | centraloffice@orientblackswan.com |
| 300 ## - PHYSICAL DESCRIPTION | |
| Extent | vi,351p. |
| Dimensions | 20cm (pbk) |
| 500 ## - GENERAL NOTE | |
| General note | Include index<br/> |
| 700 ## - ADDED ENTRY--PERSONAL NAME | |
| Personal name | Kannabiran Vasanth , kannabiran Kalpana |
| 942 ## - ADDED ENTRY ELEMENTS (KOHA) | |
| Source of classification or shelving scheme | Dewey Decimal Classification |
| Item type | English Books |
| Classification part | 954.035 |
| Call number suffix | CHA |
| Withdrawn status | Lost status | Not for loan | Home library | Current library | Date acquired | Source of acquisition | Cost, normal purchase price | Full call number | Barcode | Copy number | Cost, replacement price | Koha item type |
|---|---|---|---|---|---|---|---|---|---|---|---|---|
| Ashok Vihar | Ashok Vihar | 22/10/2021 | DBAD/PUB | 425.00 | 954.035 CHA | EN-113588 | 1 | 425.00 | English Books |
